| 000 | 00574nam a2200205 a 4500 | ||
|---|---|---|---|
| 001 | BRCA_3867 | ||
| 005 | 20190320204444.0 | ||
| 008 | 181209s1944----mx-a######---#000-0#spa-# | ||
| 041 | _aspa | ||
| 044 | _amx | ||
| 050 | 4 |
_aF1391.P9 _b.P37 1944 |
|
| 100 | 1 |
_aParra Gómez, Roberto. _910070 |
|
| 245 | 1 | 0 |
_aPuebla en cifras _cRoberto Parra Gómez. |
| 260 |
_aMéxico _bSecretaría de la Economía Nacional _c1944 |
||
| 300 |
_a56 p. _bil. (algunas a color), mapas, retratos _c23 cm. |
||
| 500 | _aC26 | ||
| 651 | 4 |
_aPuebla _vHistoria _99871 |
|
| 902 | _aGFM | ||
| 942 |
_2lcc _cB |
||
| 999 |
_c3595 _d3595 |
||